00657nam a2200193 i 4500001000300000100001900003245009900022260003500121300003600156500004200192500001700234504002500251700001600276040000800292041000800300080001600308008004100324856009800365bg1 aFOX, Sidney W. 0aMolekuljarnaja evoljucija i vozniknovenie żizni /cSidney W. Fox, Klaus Dose ; Perev. s ang. aMoskva :bIzdat. "Mir",c1975. as. 374 :brys., ilustr., portr. a[Na k. tyt. aut.] : S. Foks, K. Doze. a[Alf. ros.]. a[Zawiera bibliogr.].1 aDOSE, Klaus cBPK apol a576.1+551.7 s pl f |000 0 pol  uhttp://koha.tu.koszalin.pl/cgi-bin/koha/opac-detail.pl?biblionumber=16026yKatalog online BPK